El Error sobre elementos normativos del tipo penal

Detalles Bibliográficos
Autor principal: Da̕z y Garca̕ Conlledo, Miguel
Formato: eBook
Lenguaje:español
Publicado: Bogot ̀: Editorial Universidad de Rosario (Colombia), 2012
Materias:
Acceso en línea:http://www.vlex.com/source/9156

MARC

LEADER 00000nam a22000007a 4500
005 20130327183316.0
007 cr|||| ||||
008 130327e2012 ck |||||s|||| 00||0 spa d
020 |a 978-958-738-171-9 
035 |a 9156 
040 |a vLex 
090 |c 4067  |d 4067 
100 1 0 |a Da̕z y Garca̕ Conlledo, Miguel  
245 1 3 |a El Error sobre elementos normativos del tipo penal  |c / Miguel Da̕z y Garca̕ Conlledo   |h [Recurso electrn̤ico]  
256 |a Servicio en ln̕ea 
260 |a Bogot ̀:  |b Editorial Universidad de Rosario (Colombia),   |c 2012 
300 |a 1 Recurso en ln̕ea 
506 |d vLex Global  |d vLex Global (Academic Edition, excluding Law Schools)  |d vLex Global (U.S. Academic Edition, Law Schools)  |d vLex Global (U.S. Academic Edition, excluding Law Schools)  |d vLex Global (Academic Edition, Law Schools) 
650 0 4 |a Procedimiento penal  |z Colombia 
650 0 4 |a Derecho penal  |z Colombia 
740 |a vLex Libros (Servicio en ln̕ea) 
856 |a Acceso restringido  |u http://www.vlex.com/source/9156 
942 |c BOOK 
999 0 |a Criminal procedure